000 00410nam a2200181Ia 4500
005 20240823062739.0
008 240823s9999||||xx |||||||||||||| ||und||
041 _aENGLISH
082 _A006.6 M6
100 _aPekelis
245 0 _aCybernetic Medley
250 _a1st
260 _c1986
_b"Mir,Moscow"
500 _aTRANSFERED
650 _aCyberlaw
_bComputer Science
942 _cBK
999 _c236616
_d236616